000 00712cam a2200217 4500
001 WB3710-04
008 000000n2001 000 0 eng u
035 _a(Sirsi) u111317
245 _aSavills overcomes slowdown
260 _c2001
490 _aFinancial Times
_v7 March 2001, 27
490 _aTimes
_v7 March 2001, 34(2)
520 _aLooks at the recent fortunes of property company Savills, in the light of the slowdown in the UK residential market in mid 2000, and a toughening Hong Kong market.
590 _aWB
650 _aFPD SAVILLS
650 _aRESIDENTIAL PROPERTY
_96266
650 _aHONG KONG
650 _aSURVEYING FIRMS
690 _aMANAGEMENT-BUSINESS MANAGEMENT
942 _n0
999 _c66333
_d66333